000 00851cam a22002773a 4500
001 9940
003 PGUSA
005 20140828083218.0
008 060201s2006||||xxu|||||s|||||000 1 eng d
040 _aPGUSA
_beng
042 _adc
050 4 _aPR
100 1 _aHodder, Edwin,
_d1837-1904
245 1 0 _aLife in London ;
_bor, the Pitfalls of a Great City
_h[electronic resource] /
_cEdwin Hodder
260 _bProject Gutenberg,
_c2006
506 _aPublic domain in the USA.
516 _aElectronic text
653 _aMothers and sons -- Fiction
653 _aConduct of life -- Fiction
653 _aLondon (England) -- History -- 19th century -- Fiction
653 _aChristian life -- Fiction
653 _aYoung men -- Fiction
830 0 _aProject Gutenberg
_v9940
856 4 0 _uhttp://www.gutenberg.org/ebooks/9940
942 _cEB
999 _c239196
_d239196